Catálogo
 En Linea

Aristóteles o la precisión : (Registro nro. 47379)

Detalles MARC
000 -CABECERA
campo de control de longitud fija 01397nam a2200301 a 4500
001 - NÚMERO DE CONTROL
campo de control 000047891
003 - IDENTIFICADOR DEL NÚMERO DE CONTROL
campo de control OSt
005 - FECHA Y HORA DE LA ÚLTIMA TRANSACCIÓN
campo de control 20210118101905.0
007 - CAMPO FIJO DE DESCRIPCIÓN FÍSICA--INFORMACIÓN GENERAL
campo de control de longitud fija ta
008 - DATOS DE LONGITUD FIJA--INFORMACIÓN GENERAL
campo de control de longitud fija 181002s2018 000 spa d
020 ## - NÚMERO INTERNACIONAL ESTÁNDAR DEL LIBRO
Número Internacional Estándar del Libro 9788469791035
040 ## - FUENTE DE LA CATALOGACIÓN
Centro catalogador/agencia de origen DO-SdBNP
Lengua de catalogación spa
Centro/agencia transcriptor BNPHU
041 ## - CÓDIGO DE LENGUA
Código de lengua original spa
082 ## - NÚMERO DE LA CLASIFICACIÓN DECIMAL DEWEY
Número de clasificación BNPHU- xxxx
Número de documento/Ítem A795a
100 1# - ENTRADA PRINCIPAL--NOMBRE DE PERSONA
Nombre de persona Arvelo, Alejandro
Fechas asociadas al nombre 1959-
9 (RLIN) 25165
245 10 - MENCIÓN DE TÍTULO
Título Aristóteles o la precisión :
Resto del título apuntes a la pasión del que nombra /
Mención de responsabilidad, etc. Alejandro Arvelo.
260 ## - PUBLICACIÓN, DISTRIBUCIÓN, ETC.
Lugar de publicación, distribución, etc. Santo Domingo :
Nombre del editor, distribuidor, etc. ACUDEBI ,
-- Solenodonte ,
Fecha de publicación, distribución, etc. 2018.
300 ## - DESCRIPCIÓN FÍSICA
Extensión 71 p. ;
Dimensiones 26 cm.
490 1# - MENCIÓN DE SERIE
Mención de serie Ensayo.
500 ## - NOTA GENERAL
Nota general Incluye datos biográficos del autor .
504 ## - NOTA DE BIBLIOGRAFÍA, ETC.
Nota de bibliografía, etc. Incluye bibliografía, pg. 69-71
505 1# - NOTA DE CONTENIDO CON FORMATO
Nota de contenido con formato El imperialismo de precisión, ¿un requerimiento táctico para filosofar? :
Título I. la propiedad y la exactitud, normas de hechos en Aristóteles.<br/>II. la lengua, ¿medio o causa eficiente del pensamiento?<br/>II. retórica, pensamiento e imperativo de precisión.<br/>IV. la delimitación rigurosa de matices, vínculo intangible entre lógica y retórica.<br/>V. modos, utilidad y conciencia del valor hermenéutico de la precisión terminológica en Aristóteles.
505 1# - NOTA DE CONTENIDO CON FORMATO
Nota de contenido con formato Precisión como método y como reserva crítica de la humanidad en las actuales circunstancias.
505 1# - NOTA DE CONTENIDO CON FORMATO
Nota de contenido con formato Bibliografía.
590 ## - NOTA LOCAL (RLIN)
Nota local Inventariado, 2018/VM
830 00 - PUNTO DE ACCESO ADICIONAL DE SERIE-TÍTULO UNIFORME
Título uniforme Ensayo
9 (RLIN) 3177
942 ## - ELEMENTOS DE PUNTO DE ACCESO ADICIONAL (KOHA)
Fuente del sistema de clasificación o colocación Dewey Decimal Classification
Tipo de ítem Koha Libro
Existencias
Estado de retiro Estado de pérdida Fuente del sistema de clasificación o colocación No para préstamo Código de colección Localización permanente Ubicación/localización actual Ubicación en estantería Fecha de adquisición Fuente de adquisición Número de inventario Total de préstamos Signatura topográfica completa Código de barras Fecha visto por última vez Precio válido a partir de Tipo de ítem Koha
    Dewey Decimal Classification Excluido de préstamo Monografías: Libros y Folletos Biblioteca Nacional Pedro Henríquez Ureña Patrimonio Dominicano Depósito 19.07.2018 Depósito legal LF1   BNPHU- xxxx A795a 47891-10 25.06.2020 25.06.2020 No se presta

Con tecnología Koha